Frameworks Used in IT Governance

Rámce - frameworks, ktoré sa používajú v spoločnostiach v oblasti riadenia IT. Definícia pojmu riadenie IT. Zoznam použitých rámcov IT Governance: COBIT, ISO a ITIL. Výskum, ako spoločnosti na Slovensku používajú IT rámce vzhľadom na počet zamestnancov a pôvodom vlastníkov spoločnosti.

Salvato in:
Dettagli Bibliografici
Autore principale: Černý, Matej, 1982-
Altri autori: Bodiš, Miloš, Töröková, Anikó, 1963-
Natura: Capitolo di libro
Lingua:inglese
Soggetti:
Tags: Aggiungi Tag
Nessun Tag, puoi essere il primo ad aggiungerne!!

MARC

LEADER 00000nla a2200000 4500
001 0239932
005 20240604125819.9
041 0 |a eng 
044 |a SK 
245 1 0 |a Frameworks Used in IT Governance  |c Matej Černý, Miloš Bodiš, Anikó Töröková 
520 |a Rámce - frameworks, ktoré sa používajú v spoločnostiach v oblasti riadenia IT. Definícia pojmu riadenie IT. Zoznam použitých rámcov IT Governance: COBIT, ISO a ITIL. Výskum, ako spoločnosti na Slovensku používajú IT rámce vzhľadom na počet zamestnancov a pôvodom vlastníkov spoločnosti. 
610 2 0 |a manažment informačný 
610 2 0 |a technológie informačné 
610 2 0 |a správa podniku 
610 2 0 |a výskum 
610 2 0 |a riadenie 
100 1 |a Černý, Matej, 1982- 
700 1 |a Bodiš, Miloš 
700 1 |a Töröková, Anikó, 1963-